Remember you will die /

"From the author of When Franny Stands Up comes a genre-bending story told in linked obituaries and newsfeeds over three hundred years about one AI woman grappling with her grief after the mysterious death of her human daughter, and wondering what it really means to be human. What will it take...

Full description

Bibliographic Details
Main Author: Robins, Eden, 1978- (Author)
Format: Book
Language:English
Published: Naperville, Illinois : Sourcebooks Landmark, 2024.
Subjects:

MARC

Tag First Indicator Second Indicator Subfields
LEADER 00000cam a22000008i 4500
001 in00005508708
008 240311t20242024ilu 000 1 eng
005 20241107174200.0
010 |a  2024010922 
035 |a (OCoLC)on1414456344 
040 |a DLC  |b eng  |e rda  |c DLC  |d OCLCO  |d OJ4  |d OCLCO  |d INO  |d IUK  |d IG# 
020 |a 9781728256030  |q (trade paperback) 
020 |a 1728256038 
020 |z 9781728256047  |q (epub) 
035 |a (OCoLC)1414456344 
042 |a pcc 
050 0 0 |a PS3618.O31765  |b R46 2024 
082 0 0 |a 813/.6  |2 23/eng/20240311 
100 1 |a Robins, Eden,  |d 1978-  |e author. 
245 1 0 |a Remember you will die /  |c Eden Robins. 
263 |a 2410 
264 1 |a Naperville, Illinois :  |b Sourcebooks Landmark,  |c 2024. 
264 4 |c ©2024 
300 |a 321 pages ;  |c 21 cm 
336 |a text  |b txt  |2 rdacontent 
337 |a unmediated  |b n  |2 rdamedia 
338 |a volume  |b nc  |2 rdacarrier 
520 |a "From the author of When Franny Stands Up comes a genre-bending story told in linked obituaries and newsfeeds over three hundred years about one AI woman grappling with her grief after the mysterious death of her human daughter, and wondering what it really means to be human. What will it take for the death of Poppy Fletcher to make sense? Poppy Fletcher dies too young, and the entire world is eager to accept it and move on. Except for her mother, who is no ordinary mother. She is Peregrine, an AI woman walking the earth, a fugitive loathed and misunderstood by the very people who aided in and benefitted from her creation. As more details emerge about Poppy's death, the facts add up less and less. The story of Poppy and Peregrine spans several centuries of obituaries, and reveals a planet slowly dying, a world increasingly disconnected, and the consequences of ego and greed. The lives, deaths, and grief of others throughout history uncover not only what happened to Poppy, but a tale of art and love, betrayal and redemption - and ultimately, what it means to be alive"--  |c Provided by publisher. 
650 0 |a Artificial intelligence  |v Fiction. 
650 0 |a Obituaries  |v Fiction. 
650 0 |a Death  |v Fiction. 
650 6 |a Intelligence artificielle  |v Romans, nouvelles, etc. 
650 6 |a Nécrologies  |v Romans, nouvelles, etc. 
655 7 |a Science fiction.  |2 lcgft 
655 7 |a Novels.  |2 lcgft 
776 0 8 |i Online version:  |a Robins, Eden, 1978-  |t Remember you will die  |d Naperville, Illinois : Sourcebooks Landmark, 2024.  |z 9781728256047  |w (DLC) 2024010923 
938 |a Ingram Library Services  |b INGR  |n in022398016 
938 |a Brodart  |b BROD  |n 135813476 
938 |a YBP Library Services  |b YANK  |n 20635304 
994 |a Z0  |b TXA 
948 |h NO HOLDINGS IN TXA - 65 OTHER HOLDINGS 
999 f f |s e1a9dbde-9d56-4758-9482-f1541644c0ca  |i 6231e910-3178-4749-9405-eb1492c91bb8  |t 0 
952 f f |p normal  |a Texas A&M University  |b College Station  |c Sterling C. Evans Library  |d Evans: Library Stacks  |t 0  |e PS3618.O31765 R46 2024  |h Library of Congress classification  |i unmediated -- volume  |m A14852214247 
998 f f |a PS3618.O31765 R46 2024  |t 0  |l Evans: Library Stacks